| 000 | 00987nam a22002297a 4500 | ||
|---|---|---|---|
| 008 | 081021t xxu||||| |||| 00| 0 eng d | ||
| 010 | _aENG-91396 | ||
| 020 |
_a8187299304 _c100.00 |
||
| 035 | _aEN-74929 | ||
| 037 | _bDBAD / PUB | ||
| 040 |
_adpl _bEnglish |
||
| 082 | _a639.75 | ||
| 100 | _aAruljothiselvi, S. | ||
| 245 |
_aVermiculture / _cby S. Aruljothiselvi |
||
| 260 |
_aPuducherry _bPuducherry Co-operative Book Society _c2008 |
||
| 270 |
_a17,14th Street, Krishna Nagar, _bPuducherry _e605008 |
||
| 300 |
_av, 100p.: _c20cm (pbk) _bill. ; b&w photos |
||
| 650 | _aEarthworm culture | ||
| 942 |
_2ddc _cEN _mARU _h639.75 |
||
| 999 |
_c16954 _d16954 |
||